Sports Quiz

Random Sports Quiz

Puroresu Wrestlers Quiz Stats

 Plays Quiz not verified by Sporcle

Challenge
Share
Tweet
Embed
Score 0/31 Timer 11:00
0 Plays Today
clue wrestler % Correct
The only wrestler great enough to pull off a power ranger looking suit and have an anime based off himJushin Liger
81.8%
CM Punk's WWE style emulates this wrestlerKENTA
81.8%
Japan's version of Andre the 'Giant' In fact, wrestled him many a timeGiant Baba
81.8%
May not be named Noah, but created an Ark of his own (hey could've said a million things about this all time great in ring performer)Mitsuharu Misawa
80.5%
His series of matches in the early 80's with a particular wrestler was revolutionary and pure 'Dynamite'Tiger Mask
76.6%
Created New Japan Pro Wrestling and the Enzugiri, wrestled many prominant American wrestlers like Flair and Andre the GiantAntonio Inoki
76.6%
I wonder if this legend likes 'Sierra Mist'Great Muta
71.4%
I am sure glad this wrestler isn't my 'doctor'Steve Williams
70.1%
Most guys careers would fall in the toilet after 60 straight losses, but not this all time greatKenta Kobashi
68.8%
successful in America, more successful in Japan and started the lariat craze. His first name is also the title of a great song by EminemStan Hansen
68.8%
Some wrestlers have a large impact on wrestling, this man had a jumbo sized oneJumbo Tsuruta
64.9%
If this Juniorweight had a Yugioh card, it would be called 'Blue Eyes Ultimo Dragon'Ultimo Dragon
61%
Not exactly the man you think of when I say NWA, but a 1 time holder of the belt anyways and member of the New World Order in JapanMasahiro Chono
59.7%
Started out as a hummingbird in lucha libre, went to NJPW and transformed into a black tigerEddie Guerrero
58.4%
You may have some Bruises on your body after facing this brawler Bruiser Brody
55.8%
Christopher Daniels worked as this man who tastes great in JapanCurry Man
55.8%
clue wrestler % Correct
Screw Jean Grey this masked man is the real phoenixHayabusa
48.1%
1 hell of an exciting gaijin and the 'prince' of Japan wrestlingPrince Devitt
48.1%
I don't know what would be worse: being cut with a switch blade or taking the Sling Blade from this wrestler and current champion in NJPW Hiroshi Tanahashi
46.8%
The coolest samurai. Samurai Jack comes in second El Samurai
45.5%
The other member of the Holy Demon ArmyKawada
41.6%
May of went by BamBam, but this giant isn't the beast from the eastTerry Gordy
37.7%
Puts Jeff Hardy's Swanton to shame. (Not to mention is FAR more talented in the ring)Great Sasuke
36.4%
The train stopped in Japan and out came a GiantGiant Bernard
36.4%
His first name contains ichiro, but this isn't Ichiro SuzukiGenichiro tenryu
36.4%
Probably the lesser known man of the Holy Demon ArmyTaue
33.8%
Move away when this Volcano Erupts during a match with this jacked superstarKensuke Sasaki
28.6%
Name of Black Tiger 4 Rocky Romero
26%
I hope if I ever climb to the top of MT. 'Everest' I don't get 'suplexed off the top by this large stiff wrestler with hard kneesTakayama
22.1%
Glad if I have to go to a meat locker I won't ever be seeing this nomadic and hardcore butcherAbdulah the Butcher
11.7%
Post World War 2 hero to Japanese and maybe the most prominent figure of Japanese wrestling (Father of Puro) Rikdozan
5.2%

You're not logged in!

Compare scores with friends on all Sporcle quizzes.
Join for Free
OR
Log In

You Might Also Like...

Show Comments

Extras

Created Sep 20, 2011ReportNominate
Tags:wrestling

Top Quizzes Today


Score Distribution

Your Account Isn't Verified!

In order to create a playlist on Sporcle, you need to verify the email address you used during registration. Go to your Sporcle Settings to finish the process.

Report this User

Report this user for behavior that violates our Community Guidelines.

Details: